Регионална библиотека "Любен Каравелов" - Русе

Човекът - господар на себе си (Запис номер 507960)

MARC детайли
000 -Лидер
Контролно поле с фиксирана дължина 01336nam a2200277 a 4500
003 - Код на организацията, давaща контролен номер
Контролно поле BLK
005 - Дата и час на последна редакция
Контролно поле 20250110131942.0
008 - Елементи от данни с фиксирана дължина
fixed length control field 200117b bu |||||r|||| 00| | bu d
020 ## - Международен стандартен номер на книга ISBN
Международен стандартен номер на книга ISBN 9786197753059
040 ## - Източник на каталожния запис
Идентификатор на билиотеката - собственик на записа BLK
041 ## - Код за език
Код за езика на текст/звукозапис или на отделно заглавие Български
Код за езика КДБФ Български
080 ## - УДК
Текстов определител УДК Философски мистицизъм. Ранни езотерични школи. Кабала. Теософия. Антропософия. Суфизъм. Еклектизъм. Синкретизъм. Херметизъм. Розенкройцерство. Др. школи
УДК код - определител по УДК 141.33
УДК - код + определител 141.33
080 ## - УДК
Текстов определител УДК Нехристиянски религии. Митология. Различни култове
УДК код - определител по УДК 29
УДК - код + определител 29
100 ## - Редна дума - Автор
Автор Дънов, Петър Константинов
R(LIN) 244373
139 ## - Редно поле
Редна дума Дънов, Петър
Авторски знак Дъ - Д 95
245 ## - Сведения за заглавието
Заглавие Човекът - господар на себе си
Редно поле (дума) из Словото на Учителя Петър Дънов
260 ## - Област на издателските данни
9 (RLIN) 391418
Място на издаване, разпространение и проч. Варна
Име на издателя, разпространителя и проч. Светът на книгите
Година на издаване 2024
300 ## - Физическа характеристика
Страници 312 с.
Размери/Мащаб 20 см
380 ## - Жанр
Жанр Философия
504 ## - Забележка за наличие на библиография и др
Забележка за наличие на библиография и под. Библиогр.: с. 240-253
650 #7 - Допълнително описание по предмет – тема
9 (RLIN) 153927
Основно описание – тема или топоним Дъновизъм
650 #0 - Допълнително описание по предмет – тема
9 (RLIN) 436404
Основно описание – тема или топоним Езотерика
650 #7 - Допълнително описание по предмет – тема
9 (RLIN) 164936
Основно описание – тема или топоним Окултизъм
942 ## - АРТИКУЛИ
Вид на библиотечния материал Книги
Скрит в OPAC Не
Периодичен библиозапис Да
Koha issues (borrowed), all copies 6
999 ## - СИСТЕМНИ КОНТРОЛНИ НОМЕРА
Koha biblionumber 507960
Koha biblioitemnumber 507960
944 ## - СЪЗДАВАНЕ И РЕДАКЦИЯ на ЗАПИСА
Създаване/Редакция
Дата на регистрацията/редакция Нора Радева
Служител, извършил регистрацията/редакцията 30576
Статус, дата на статуса Цветомила Тодорова
Наличности
Код за отписване Код за изгубен артикул Източник на класификационната схема Код за повреда Код за отдаване Артикулен № Име на библиотеката - собственик Име на библиотеката, в която се намира в момента Статус (Текущо местоположение) Дата на вписване в системата Местоположение - отдел Цена в лева Инвентарен номер Систематично азбучна сигнатура Баркод Цена в евро Служебен тип на артикула Коз за рестрикции
  Не е изгубен Universal Decimal Classification Не е повреден заемане за дома 942089 Регионална библиотека "Любен Каравелов" Русе Регионална библиотека "Любен Каравелов" Русе Заемна - подръчен фонд 2024-04-05 Заемна - подръчен фонд 18.00 120000901090 14/Д 95 П 120000901090 9.20 Книги  
  Не е изгубен Universal Decimal Classification Не е повреден ползва се в читалня 942090 Регионална библиотека "Любен Каравелов" Русе Регионална библиотека "Любен Каравелов" Русе Хранилище 2024-04-05 Основен фонд - ползва се само за читалня 18.00 120000901131 Цб 322434 120000901131 9.20 Книги само за читалня
  Не е изгубен Universal Decimal Classification Не е повреден ползва се в читалня 949184 Регионална библиотека "Любен Каравелов" Русе Регионална библиотека "Любен Каравелов" Русе Хранилище 2024-09-18 Хранилище 18.00 120000912554 Цб 324446 120000912554 9.20 Книги само за читалня
Vip Innovations Ltd, Rousse, Bulgaria 2025